000 00407nam a2200157Ia 4500
008 230917s9999||||xx |||||||||||||| ||und||
040 _e85808
_aMAIN
041 _aEnglish
082 _a005.1 P926S(8)
100 _aPressman, Roger S
245 0 _aSoftware engineering: A practitioner's approach
250 _a8th ed.
260 _aBoston
_bMcGraw-Hill
_c2001
300 _axxviii, 860 p.
942 _cBK
999 _c107812
_d107812